000 00778nam a2200277 a 4500
003 AR-BaBNM
005 20251128204839.0
008 082120s2002 ||||||||||||||000 | spa||
020 _a950-614-443-5
040 _cAR-BaBNM
100 1 _aLynch, John
245 0 0 _aJuan Manuel de Rosas
_b1829-1852
260 _aBuenos Aires
_bHyspamérica
_c1986
300 _a391 p.
_btablas
490 0 _aBiblioteca argentina de historia y política
_vv. 46
500 _aIndice de nombres: p. 383-391
504 _aBibliografía: p. 367-382
650 4 _aHISTORIA ARGENTINA
650 4 _aROSAS Y SU TIEMPO
650 4 _aPERIODO INDEPENDIENTE
650 4 _aHISTORIA ECONOMICA
651 4 _aArgentina
800 1 _aCostantini, Pablo
_edirector
942 _cBK
998 _cEnrique
999 _c9021
_d9021